00391nam a22001452 4500001001100000005001700011008004100028040001500069100002700084245004400111260003500155300001400190650003800204852000300242000001171220151217152100.0090105s xx 000 0 eng d aKABUcKABU1 aLe Roy, A.@000016769413aLa Religion des primitifs /cA. Le Roy. aParis :bG. Beauchesne,c1975. ax,515 p. 0aReligion and rituals.@00001676951